[Event "Frankfurt Ch A 2015"]
[Site "Ffm-Höchst, BiKuZ"]
[Date "2015.04.27"]
[Round "1.1"]
[White "Liebske, Reiner"]
[Black "Khenkin, Igor"]
[Result "0-1"]
[WhiteElo "1771"]
[BlackElo "2578"]
[PlyCount "58"]
[EventDate "2015.??.??"]
[WhiteTeam "SV Frankfurt Nord"]
[BlackTeam "SG Porz"]

1. e4 c5 2. Nf3 Nc6 3. d4 cxd4 4. Nxd4 Qb6 5. Nb3 Nf6 6. Nc3 e6 7. Be3 Qc7 8.
Qd2 Bb4 9. a3 Nxe4 10. Qd3 Bxc3+ 11. bxc3 d5 12. f4 O-O 13. Be2 Ne7 14. O-O Nf5
15. Bd4 Nxd4 16. cxd4 Bd7 17. c4 Qxc4 18. Qxc4 dxc4 19. Bxc4 Rac8 20. Rac1 Nd6
21. Bd3 Bb5 22. Bxb5 Nxb5 23. Nc5 Nxd4 24. Kf2 b6 25. Nd7 Rfd8 26. Rxc8 Rxc8
27. Rd1 Nb5 28. a4 Nc3 29. Rd4 f6 0-1

[Event "Frankfurt Ch A 2015"]
[Site "Ffm-Höchst, BiKuZ"]
[Date "2015.04.27"]
[Round "1.2"]
[White "Poetsch, Hagen"]
[Black "Makilla, Tobias"]
[Result "1-0"]
[WhiteElo "2464"]
[BlackElo "1767"]
[PlyCount "35"]
[EventDate "2015.??.??"]
[WhiteTeam "SF Schöneck"]
[BlackTeam "SC Hattersheim"]

1. Nf3 Nc6 2. e4 e5 3. Bc4 Bc5 4. b4 Bxb4 5. c3 Ba5 6. d4 d6 7. Qb3 Qf6 8. d5
Qg6 9. O-O Bh3 10. Ng5 Bxg2 11. dxc6 Ke7 12. Bxf7 Qf6 13. cxb7 Rb8 14. Kxg2 h6
15. h4 Kf8 16. f4 hxg5 17. fxg5 Qe7 18. Bxg8+ 1-0

[Event "Frankfurt Ch A 2015"]
[Site "Ffm-Höchst, BiKuZ"]
[Date "2015.04.27"]
[Round "1.3"]
[White "Weiland, Thomas"]
[Black "Milov, Leonid"]
[Result "0-1"]
[WhiteElo "1756"]
[BlackElo "2396"]
[PlyCount "58"]
[EventDate "2015.??.??"]
[WhiteTeam "SV Oberursel"]
[BlackTeam "SC Noris-Tarrasch Nürnberg"]

1. e4 c5 2. Nf3 e6 3. d4 cxd4 4. Nxd4 Nc6 5. Nxc6 bxc6 6. Be3 Nf6 7. Bd3 d5 8.
e5 Nd7 9. f4 Bc5 10. Bxc5 Nxc5 11. Be2 Ne4 12. Qd4 Qh4+ 13. g3 Nxg3 14. Qf2 Nf5
15. Nd2 Rb8 16. b3 O-O 17. c3 f6 18. Nf3 Qxf4 19. exf6 Rxf6 20. Qxa7 Ne3 21.
Kf2 Ng4+ 22. Ke1 Rb7 23. Qa8 Rf8 24. Qa5 e5 25. Qc5 Ne3 26. Rb1 Bg4 27. Qxc6
Bxf3 28. Rg1 Rbf7 29. Bxf3 Qxf3 0-1

[Event "Frankfurt Ch A 2015"]
[Site "Ffm-Höchst, BiKuZ"]
[Date "2015.04.27"]
[Round "1.4"]
[White "Reschke, Stefan"]
[Black "Fischer, Ulrich"]
[Result "1-0"]
[WhiteElo "2259"]
[BlackElo "1740"]
[PlyCount "63"]
[EventDate "2015.??.??"]
[WhiteTeam "SV Oberursel"]
[BlackTeam "Frankfurter TV"]

1. Nf3 d5 2. g3 Nf6 3. Bg2 Bf5 4. c4 c6 5. b3 e6 6. O-O Be7 7. Bb2 O-O 8. d3 h6
9. Na3 Nbd7 10. Nc2 Bh7 11. Qd2 Qc7 12. Ne3 Rac8 13. Rfc1 Qb8 14. Ne1 Rfd8 15.
Rc2 Nb6 16. Nf3 Nbd7 17. Rac1 Ne8 18. Bh3 b6 19. cxd5 cxd5 20. Rxc8 Rxc8 21.
Nxd5 exd5 22. Bxd7 Rxc1+ 23. Qxc1 Nf6 24. Qc8+ Qxc8 25. Bxc8 Ne8 26. Bb7 Nf6
27. Ne5 a5 28. Nf3 Bf5 29. Bxf6 Bxf6 30. Bxd5 Bg4 31. Kg2 Kf8 32. Ng1 1-0

[Event "Frankfurt Ch A 2015"]
[Site "Ffm-Höchst, BiKuZ"]
[Date "2015.04.27"]
[Round "1.5"]
[White "Diehl, Stefan"]
[Black "Stockmann, Michael"]
[Result "0-1"]
[WhiteElo "1739"]
[BlackElo "2193"]
[PlyCount "96"]
[EventDate "2015.??.??"]
[WhiteTeam "SC Höchst"]
[BlackTeam "SF Schöneck"]

1. f4 d5 2. e3 g6 3. Nf3 Bg7 4. Be2 c5 5. O-O Nc6 6. c3 d4 7. d3 Nh6 8. e4 O-O
9. h3 e6 10. g4 f5 11. g5 Nf7 12. e5 a6 13. b3 b6 14. c4 Bb7 15. Na3 Re8 16.
Nc2 Bf8 17. Bd2 h6 18. h4 hxg5 19. hxg5 Kg7 20. Qe1 Be7 21. Qg3 Rh8 22. Kf2 b5
23. Rh1 Qb6 24. Rhb1 Rh7 25. Rh1 Rxh1 26. Rxh1 bxc4 27. dxc4 a5 28. Qh2 Rh8 29.
Qg1 Rd8 30. Qh2 Rh8 31. Qg1 Rxh1 32. Qxh1 Nb4 33. Bxb4 axb4 34. Qd1 Qa7 35. Qb1
Be4 36. Nd2 d3 37. Nxe4 fxe4 38. Bxd3 exd3 39. Ne1 d2 40. Nf3 Qxa2 41. Qxa2
d1=Q 42. Qb2 Qd3 43. Qa2 Nd8 44. Qa7 Kf7 45. Qa2 Nc6 46. Ne1 Qd4+ 47. Kg3 Qe3+
48. Kg4 Qxe1 0-1

[Event "Frankfurt Ch A 2015"]
[Site "Ffm-Höchst, BiKuZ"]
[Date "2015.04.27"]
[Round "1.6"]
[White "Kirschner, Matthias"]
[Black "Larem, Peter"]
[Result "1/2-1/2"]
[WhiteElo "1573"]
[BlackElo "1737"]
[PlyCount "43"]
[EventDate "2015.??.??"]
[WhiteTeam "SV Nauheim"]
[BlackTeam "SG Rödermark"]

1. c4 e5 2. Nc3 Nf6 3. d3 Bb4 4. a3 Bxc3+ 5. bxc3 d5 6. cxd5 Nxd5 7. Qc2 O-O 8.
g3 Nc6 9. Bg2 Be6 10. Nf3 Qd7 11. Ng5 h6 12. Nxe6 Qxe6 13. O-O Nce7 14. c4 Nf6
15. Bxb7 Rab8 16. Bg2 Rfd8 17. Rb1 Nf5 18. Rxb8 Rxb8 19. Be3 Nxe3 20. fxe3 Qb6
21. c5 Qa5 22. Ra1 1/2-1/2

[Event "Frankfurt Ch A 2015"]
[Site "Ffm-Höchst, BiKuZ"]
[Date "2015.04.27"]
[Round "1.7"]
[White "Müller, Mark"]
[Black "Henrich, Thomas"]
[Result "0-1"]
[WhiteElo "1733"]
[BlackElo "2171"]
[PlyCount "114"]
[EventDate "2015.??.??"]
[WhiteTeam "SC Diez"]
[BlackTeam "SK Marburg"]

1. e4 c5 2. f4 e6 3. Nc3 a6 4. Nf3 Nc6 5. Be2 d5 6. d3 d4 7. Nb1 Nf6 8. Nbd2
Qc7 9. g3 Be7 10. O-O b6 11. Nc4 Bb7 12. Nfe5 O-O 13. Nxc6 Bxc6 14. Ne5 Bb7 15.
g4 Ne8 16. Qe1 f6 17. Nf3 Nd6 18. e5 Nf7 19. exf6 gxf6 20. Nd2 Kh8 21. Bf3 Bxf3
22. Nxf3 Qd7 23. Kh1 Rg8 24. h3 Rae8 25. Bd2 Bd6 26. Qf2 Rg7 27. Ng1 Reg8 28.
Ne2 e5 29. f5 e4 30. dxe4 Ne5 31. Nf4 Nc4 32. b3 Na3 33. c4 Qc6 34. Nd5 b5 35.
Bc1 b4 36. Bxa3 bxa3 37. Nxf6 Rf8 38. Nd5 Be5 39. Rae1 Qh6 40. Kg2 Qg5 41. Kf3
d3 42. Rg1 Bd4 43. Ne3 Re8 44. Qd2 Rge7 45. Nf1 Qf6 46. Ng3 Bxg1 47. Rxg1 Rd8
48. g5 Qd4 49. Rd1 Red7 50. Kf4 Re8 51. Qe3 Qe5+ 52. Kf3 Red8 53. Qf4 Qc3 54.
f6 d2+ 55. Kg4 Rf7 56. e5 Qc2 57. Rf1 Rd4 0-1

[Event "Frankfurt Ch A 2015"]
[Site "Ffm-Höchst, BiKuZ"]
[Date "2015.04.27"]
[Round "1.8"]
[White "Minor, Samuel"]
[Black "Schellen, Sven"]
[Result "1-0"]
[WhiteElo "2131"]
[BlackElo "1729"]
[PlyCount "45"]
[EventDate "2015.??.??"]
[WhiteTeam "Wiesbadener SV"]
[BlackTeam "SF Frankfurt"]

1. e4 e5 2. Nf3 Nc6 3. Bc4 Be7 4. d4 exd4 5. O-O d6 6. Nxd4 Nf6 7. Nc3 O-O 8.
Kh1 Na5 9. Be2 a6 10. f4 Ne8 11. Bf3 c5 12. Nde2 Nc6 13. g4 Kh8 14. b3 Bf6 15.
g5 Bd4 16. Nxd4 Nxd4 17. Bg2 Nc7 18. Bb2 f5 19. Ne2 Nxe2 20. Qxe2 Re8 21. Qh5
fxe4 22. g6 h6 23. Qxh6+ 1-0

[Event "Frankfurt Ch A 2015"]
[Site "Ffm-Höchst, BiKuZ"]
[Date "2015.04.27"]
[Round "1.9"]
[White "Benikhis, Avram"]
[Black "Koch, Markus"]
[Result "1-0"]
[WhiteElo "1724"]
[BlackElo "2123"]
[PlyCount "121"]
[EventDate "2015.??.??"]
[WhiteTeam "SC Eschbach"]
[BlackTeam "SC Brett vorm Kopp"]

1. d4 Nf6 2. c4 e6 3. Nc3 c5 4. d5 exd5 5. cxd5 d6 6. e4 g6 7. Bd3 Bg7 8. Nge2
O-O 9. O-O Na6 10. Bg5 Nc7 11. Qd2 Re8 12. Rab1 Qd7 13. Ng3 b5 14. b4 c4 15.
Bc2 h5 16. h3 Nh7 17. Be3 Qe7 18. Nce2 h4 19. Nh1 Bd7 20. Nd4 Nf6 21. f3 Nfxd5
22. Bf2 c3 23. Qc1 Nb6 24. Bb3 Rac8 25. Qxc3 Bxh3 26. Qd2 Bd7 27. Rfe1 Kh7 28.
Rbc1 Ne6 29. Nxe6 Bxe6 30. Bxe6 fxe6 31. Bd4 Nc4 32. Qf2 Bh6 33. Rc2 Rc7 34.
Qe2 e5 35. Bf2 Bf4 36. Rd1 Rec8 37. Qd3 Qg5 38. Re2 Kg7 39. a3 Rh8 40. Rc2 Qe7
41. a4 a6 42. axb5 axb5 43. Qd5 h3 44. g3 h2+ 45. Kf1 Ne3+ 46. Bxe3 Rxc2 47.
gxf4 Qh4 48. Qb7+ Kh6 49. fxe5+ Kh5 50. Qd7 Rc3 51. Ke2 dxe5 52. Qg7 Rxe3+ 53.
Kxe3 Qf4+ 54. Kf2 Ra8 55. Ng3+ Kg5 56. Qe7+ Kh6 57. Rh1 Ra2+ 58. Ne2 Rxe2+ 59.
Kxe2 Qg3 60. Qf8+ Kg5 61. Qd8+ 1-0

[Event "Frankfurt Ch A 2015"]
[Site "Ffm-Höchst, BiKuZ"]
[Date "2015.04.27"]
[Round "1.10"]
[White "Keller, Peter"]
[Black "Varma, Christopher"]
[Result "1-0"]
[WhiteElo "2094"]
[BlackElo "1718"]
[PlyCount "69"]
[EventDate "2015.??.??"]
[WhiteTeam "Frankfurter TV"]
[BlackTeam "SC Bad Nauheim"]

1. e4 e6 2. d4 d5 3. Nc3 Nf6 4. e5 Nfd7 5. f4 c5 6. Nf3 Nc6 7. Be3 cxd4 8. Nxd4
Bc5 9. Qd2 O-O 10. Be2 a6 11. O-O Nxd4 12. Bxd4 Qc7 13. Kh1 b5 14. a3 Bb7 15.
Rf3 Bxd4 16. Qxd4 Qc5 17. Rd3 Rac8 18. Re1 Qxd4 19. Rxd4 Rxc3 20. bxc3 Rc8 21.
a4 bxa4 22. Rxa4 Rxc3 23. Bxa6 Bxa6 24. Rxa6 g6 25. Re2 Nc5 26. Rc6 d4 27. g3
Kf8 28. Kg2 Ke7 29. Rc7+ Ke8 30. Kf1 h5 31. Kg2 h4 32. gxh4 Nd3 33. Rxc3 Nxf4+
34. Kf3 Nxe2 35. Rd3 1-0

[Event "Frankfurt Ch A 2015"]
[Site "Ffm-Höchst, BiKuZ"]
[Date "2015.04.27"]
[Round "1.11"]
[White "Rauscher, Joachim"]
[Black "Reschke, Thomas"]
[Result "0-1"]
[WhiteElo "1714"]
[BlackElo "2054"]
[PlyCount "44"]
[EventDate "2015.??.??"]
[WhiteTeam "SC Brett vorm Kopp"]
[BlackTeam "SC Frankfurt-West"]

1. e4 g6 2. d4 Bg7 3. Nc3 c6 4. f4 d5 5. e5 f6 6. Nf3 Bg4 7. h3 Bxf3 8. Qxf3
Nh6 9. Be3 O-O 10. O-O-O fxe5 11. dxe5 Bxe5 12. g3 Bg7 13. Qg2 Nd7 14. Bd4 e5
15. fxe5 Nf5 16. Bf2 Nxe5 17. Bd3 Qg5+ 18. Kb1 Nh4 19. Qf1 Nhf3 20. Qe2 Rae8
21. h4 Qf6 22. Rdf1 Nc4 0-1

[Event "Frankfurt Ch A 2015"]
[Site "Ffm-Höchst, BiKuZ"]
[Date "2015.04.27"]
[Round "1.12"]
[White "Kaulfuss, Helmut"]
[Black "Plattner, Rolf"]
[Result "1-0"]
[WhiteElo "2046"]
[BlackElo "1711"]
[PlyCount "77"]
[EventDate "2015.??.??"]
[WhiteTeam "SV Hofheim"]
[BlackTeam "SK Langen"]

1. e4 c5 2. d3 Nc6 3. Nc3 e6 4. g3 g6 5. Bg2 Bg7 6. f4 Nge7 7. Nf3 O-O 8. O-O
a6 9. e5 f5 10. Be3 b6 11. d4 cxd4 12. Nxd4 Qc7 13. Nxc6 Nxc6 14. Qd2 Rf7 15.
Na4 Rb8 16. Qf2 b5 17. Nb6 g5 18. c4 gxf4 19. gxf4 Nxe5 20. fxe5 Bxe5 21. Nxc8
Bxh2+ 22. Kh1 Bg3 23. Qf3 Rxc8 24. cxb5 Qe5 25. Rac1 Rcf8 26. bxa6 d5 27. Bf4
Bxf4 28. Qxf4 Qxb2 29. Rf2 Qf6 30. Rc7 Rxc7 31. Qxc7 Rf7 32. Qb8+ Rf8 33. a7
Qh4+ 34. Kg1 Qa4 35. Bf3 Kf7 36. Bh5+ Ke7 37. Qc7+ Qd7 38. Qe5 Ra8 39. Rxf5 1-0

[Event "Frankfurt Ch A 2015"]
[Site "Ffm-Höchst, BiKuZ"]
[Date "2015.04.27"]
[Round "1.13"]
[White "Bernig, Andreas"]
[Black "Schwenkreis, Thomas"]
[Result "0-1"]
[WhiteElo "1711"]
[BlackElo "2031"]
[PlyCount "99"]
[EventDate "2015.??.??"]
[WhiteTeam "SV Oberursel"]
[BlackTeam "SC Brett vorm Kopp"]

1. e4 d6 2. f4 e5 3. d3 Nf6 4. Nf3 Nc6 5. Be2 g6 6. O-O Bg7 7. c3 O-O 8. fxe5
dxe5 9. Bg5 h6 10. Bh4 Qd6 11. Qc2 Ng4 12. Bf2 Be6 13. b4 Nxf2 14. Rxf2 f5 15.
Nbd2 Ne7 16. Rff1 f4 17. Rad1 c5 18. a3 Rac8 19. Qb2 g5 20. h3 Rc7 21. Nc4 Bxc4
22. dxc4 Qg6 23. Rfe1 h5 24. bxc5 Nc8 25. Rd5 Re8 26. Qd2 Rce7 27. Bd1 Bf6 28.
Ba4 g4 29. Bxe8 Rxe8 30. hxg4 hxg4 31. Nh2 Bh4 32. Rf1 f3 33. Nxf3 gxf3 34.
Rxf3 Qxe4 35. Qh6 Ne7 36. Qe6+ Kh8 37. Rxe5 Qb1+ 38. Rf1 Bf2+ 39. Kh2 Qh7+ 40.
Qh3 Bh4 41. Kg1 Rg8 42. Qf3 Bg5 43. Qxb7 Qh6 44. Rxe7 Be3+ 45. Rxe3 Qxe3+ 46.
Rf2 Rf8 47. Qb2 Qe1+ 48. Kh2 Qxf2 49. Qxf2 Rxf2 50. Kg3 0-1

[Event "Frankfurt Ch A 2015"]
[Site "Ffm-Höchst, BiKuZ"]
[Date "2015.04.27"]
[Round "1.14"]
[White "Marzahn, Heiko"]
[Black "Illenberger, Dirk"]
[Result "1/2-1/2"]
[WhiteElo "2025"]
[BlackElo "1698"]
[PlyCount "64"]
[EventDate "2015.??.??"]
[WhiteTeam "Sfr. Erbach"]
[BlackTeam "TSG Nieder-Erlenbach"]

1. e4 c5 2. Nf3 g6 3. d4 cxd4 4. Qxd4 Nf6 5. e5 Nc6 6. Qa4 Nd5 7. Qe4 Nb6 8. c4
d5 9. cxd5 Qxd5 10. Nc3 Qxe4+ 11. Nxe4 Bg7 12. Bb5 O-O 13. Bxc6 bxc6 14. b3 Ba6
15. Nc5 Bc8 16. Bb2 Rd8 17. h3 Rd5 18. Rc1 Nd7 19. Nxd7 Bxd7 20. O-O Rc8 21.
Rfd1 Bh6 22. Ra1 Rd8 23. Ba3 e6 24. Be7 Re8 25. Bf6 c5 26. Ne1 Bb5 27. Rxd5
exd5 28. Rd1 d4 29. Nd3 Bxd3 30. Rxd3 Bf4 31. b4 Bxe5 32. Bxe5 Rxe5 1/2-1/2

[Event "Frankfurt Ch A 2015"]
[Site "Ffm-Höchst, BiKuZ"]
[Date "2015.04.27"]
[Round "1.15"]
[White "Hinz, André"]
[Black "Drill, Frank"]
[Result "0-1"]
[WhiteElo "1690"]
[BlackElo "2024"]
[PlyCount "74"]
[EventDate "2015.??.??"]
[WhiteTeam "VfB Lettin"]
[BlackTeam "SF Neuberg"]

1. c4 b6 2. Nf3 Bb7 3. g3 Bxf3 4. exf3 c5 5. Bg2 Nc6 6. f4 Rc8 7. O-O g6 8. Nc3
Bg7 9. Re1 e6 10. Nb5 d6 11. Bxc6+ Rxc6 12. Nxa7 Rc7 13. Qa4+ Kf8 14. Nb5 Rd7
15. Rb1 Ne7 16. b4 Nc6 17. a3 Bf6 18. Qc2 d5 19. bxc5 bxc5 20. Bb2 Kg7 21. Be5
Qe7 22. Qc3 Rhd8 23. Rbc1 Bxe5 24. fxe5 Qg5 25. d4 dxc4 26. dxc5 Rd3 27. Qxc4
Nxe5 28. Rxe5 Qxe5 29. a4 Qe2 30. Nd6 Ra8 31. c6 Rd1+ 32. Kg2 Qxc4 33. Rxc4
Rxd6 34. c7 Rc8 35. a5 Rd7 36. a6 Rdxc7 37. a7 Rxc4 0-1

[Event "Frankfurt Ch A 2015"]
[Site "Ffm-Höchst, BiKuZ"]
[Date "2015.04.27"]
[Round "1.16"]
[White "Fucik, Timo"]
[Black "Viol, Julius"]
[Result "1-0"]
[WhiteElo "2023"]
[BlackElo "1683"]
[PlyCount "45"]
[EventDate "2015.??.??"]
[WhiteTeam "SK Ettlingen"]
[BlackTeam "FC Bierstadt"]

1. d4 d5 2. c4 Nc6 3. Nc3 dxc4 4. Nf3 Bg4 5. e3 e5 6. d5 Bxf3 7. gxf3 Na5 8.
Qa4+ c6 9. dxc6 Nxc6 10. Bxc4 Qg5 11. Bd2 Qg2 12. Ke2 Rd8 13. Ne4 Qh3 14. Bxf7+
Ke7 15. Bxg8 Rxg8 16. Rhd1 Ke8 17. Qb3 Ne7 18. Bb4 Rh8 19. Rxd8+ Kxd8 20. Rd1+
Kc7 21. Qf7 Qh4 22. Bd6+ Kc8 23. Qe8# 1-0

[Event "Frankfurt Ch A 2015"]
[Site "Ffm-Höchst, BiKuZ"]
[Date "2015.04.27"]
[Round "1.17"]
[White "Krischak, Werner"]
[Black "Orlinski, Wolfgang"]
[Result "1-0"]
[WhiteElo "1681"]
[BlackElo "2004"]
[PlyCount "71"]
[EventDate "2015.??.??"]
[WhiteTeam "SK Marburg"]
[BlackTeam "SF Frankfurt"]

1. d4 e6 2. Nf3 d5 3. c4 Nf6 4. cxd5 exd5 5. Nc3 c6 6. Bg5 Be7 7. Qc2 Be6 8. e3
Nbd7 9. Bd3 h6 10. Bh4 O-O 11. O-O Rc8 12. Rab1 b5 13. b3 a6 14. a4 Qa5 15. Ra1
b4 16. Ne2 c5 17. dxc5 Nxc5 18. Qb1 Bg4 19. Nfd4 Bxe2 20. Bxe2 Bd8 21. f3 Re8
22. Bf2 Nfd7 23. Re1 Bf6 24. Qa2 Ne6 25. Rac1 Nxd4 26. exd4 Bg5 27. Rxc8 Rxc8
28. h4 Bf6 29. Rd1 Nf8 30. Qd2 Qb6 31. f4 Rc3 32. f5 Rxb3 33. Rc1 Ra3 34. Rb1
a5 35. Bd1 Rc3 36. Qxc3 1-0

[Event "Frankfurt Ch A 2015"]
[Site "Ffm-Höchst, BiKuZ"]
[Date "2015.04.27"]
[Round "1.18"]
[White "Teschler, Ulrich"]
[Black "Neubauer, Robert"]
[Result "0-1"]
[WhiteElo "2001"]
[BlackElo "1670"]
[PlyCount "108"]
[EventDate "2015.??.??"]
[WhiteTeam "SV Fechenheim"]
[BlackTeam "SK Bad Homburg"]

1. e4 e5 2. f4 d5 3. exd5 exf4 4. Nf3 Bg4 5. Bb5+ c6 6. Qe2+ Be7 7. dxc6 bxc6
8. Bc4 Nh6 9. O-O O-O 10. c3 g5 11. d4 Nd7 12. Qc2 Kg7 13. Bd3 c5 14. h4 Bxf3
15. hxg5 Bxg5 16. Rxf3 Qc7 17. g3 Rae8 18. gxf4 Re1+ 19. Kg2 Bh4 20. Bd2 Rfe8
21. Bxe1 Rxe1 22. Kh3 Rg1 23. Qh2 Rg4 24. Bf5 Nxf5 25. Kxg4 Qd6 26. Kh3 Qh6 27.
Kg2 Qg6+ 28. Kf1 Ng3+ 29. Rxg3 Bxg3 30. Qg2 cxd4 31. cxd4 Qd3+ 32. Qe2 Qf5 33.
Qf3 Bxf4 34. Nc3 Nf6 35. Ne2 Nd5 36. Nxf4 Nxf4 37. Rc1 Qb5+ 38. Ke1 Nd3+ 39.
Kd1 Nxc1 40. Qg4+ Kf8 41. Kxc1 Qc4+ 42. Kb1 Qd3+ 43. Kc1 Qc4+ 44. Kb1 a5 45.
Qe4 a4 46. Qe3 Qe6 47. Qf4 h5 48. Qh4 Qg4 49. Qd8+ Kg7 50. Kc2 h4 51. Qa5 Qxd4
52. Qg5+ Kf8 53. b3 Qf2+ 54. Kc3 Qg3+ 0-1

[Event "Frankfurt Ch A 2015"]
[Site "Ffm-Höchst, BiKuZ"]
[Date "2015.04.27"]
[Round "1.19"]
[White "Stricker, Konstantin"]
[Black "Roggensack, Hans Peter"]
[Result "0-1"]
[WhiteElo "1666"]
[BlackElo "1998"]
[PlyCount "156"]
[EventDate "2015.??.??"]
[WhiteTeam "SC Eschbach"]
[BlackTeam "SF Frankfurt"]

1. e4 c6 2. d4 d5 3. exd5 cxd5 4. Nf3 Nc6 5. Bb5 Bd7 6. O-O Nf6 7. Nc3 e6 8.
Re1 Be7 9. a3 O-O 10. Ne2 a6 11. Bd3 b5 12. c3 Qb6 13. Bc2 Ne4 14. Be3 f6 15.
Nd2 Nd6 16. Ng3 Rf7 17. Nb3 Nb7 18. Qd3 g6 19. Qe2 Bf8 20. Nd2 Rc8 21. Rac1 Qc7
22. Ndf1 Nba5 23. Nd2 Nc4 24. Nxc4 bxc4 25. Bb1 Na5 26. Bc2 Rb8 27. Rb1 Rb6 28.
Bc1 Qb8 29. Ra1 Bd6 30. Nf1 Nb3 31. Bxb3 Rxb3 32. g3 Rb6 33. Ne3 Bf8 34. Ng4 h5
35. Ne3 Bd6 36. Qc2 Kg7 37. Qd2 Qh8 38. Ng2 Re7 39. Qc2 Qh7 40. h4 Be8 41. Re2
Bf7 42. Bd2 Qh8 43. Rae1 Qe8 44. Bc1 Rd7 45. Qd2 Kg8 46. Nf4 Bf8 47. Qc2 Re7
48. Re3 Rd6 49. b3 cxb3 50. Qxb3 Qc8 51. Qc2 Kg7 52. a4 Rc6 53. Bd2 Rb7 54. Qd3
Rbb6 55. Rc1 Rb2 56. Re2 Qb7 57. Qe3 Rb1 58. Nd3 Rxc1+ 59. Nxc1 Kg8 60. Qf4 Bg7
61. Nd3 Qb1+ 62. Ne1 e5 63. dxe5 fxe5 64. Qg5 Bf6 65. Qe3 Qb6 66. Qxb6 Rxb6 67.
Nd3 Rb1+ 68. Kg2 e4 69. Nc5 Ra1 70. Nxa6 Rxa4 71. Nc5 Rc4 72. Nd7 Bxc3 73. Bxc3
Rxc3 74. Ne5 Kg7 75. Rd2 Be6 76. f3 exf3+ 77. Nxf3 Rc5 78. Nd4 Bd7 0-1

[Event "Frankfurt Ch A 2015"]
[Site "Ffm-Höchst, BiKuZ"]
[Date "2015.04.27"]
[Round "1.20"]
[White "Perlitz, Sven"]
[Black "Fischer, Lutz"]
[Result "1-0"]
[WhiteElo "1997"]
[BlackElo "1663"]
[PlyCount "65"]
[EventDate "2015.??.??"]
[WhiteTeam "SC Nied"]
[BlackTeam "SF Frankfurt"]

1. e4 e6 2. d4 d5 3. Nd2 Nc6 4. Ngf3 Nf6 5. e5 Nd7 6. Be2 f6 7. exf6 Qxf6 8.
Nf1 Bd6 9. Ne3 O-O 10. O-O Qe7 11. c4 Nf6 12. Re1 Nd8 13. Bd3 Bb4 14. Re2 c6
15. a3 Ba5 16. Nf5 Qc7 17. N5h4 Qb8 18. Qc2 Nf7 19. Bg5 Ne4 20. Rxe4 dxe4 21.
Bxe4 h6 22. Be7 Nh8 23. Ne5 Rf5 24. Nxf5 exf5 25. Bxf5 Bxf5 26. Qxf5 Qe8 27.
Bd6 g6 28. Qh3 Kh7 29. Ng4 Bd8 30. Nxh6 Kg7 31. Be5+ Bf6 32. Bxf6+ Kxf6 33.
Ng4+ 1-0

[Event "Frankfurt Ch A 2015"]
[Site "Ffm-Höchst, BiKuZ"]
[Date "2015.04.27"]
[Round "1.21"]
[White "Gude, Michael"]
[Black "Calvi, Stefan"]
[Result "0-1"]
[WhiteElo "1661"]
[BlackElo "1980"]
[PlyCount "96"]
[EventDate "2015.??.??"]
[WhiteTeam "SF Fürth"]
[BlackTeam "SF Frankfurt"]

1. e4 c5 2. Nf3 Nc6 3. Bb5 g6 4. Bxc6 dxc6 5. O-O Bg7 6. Nc3 Nf6 7. d3 O-O 8.
Be3 b6 9. h3 Nd7 10. Qd2 e5 11. Bh6 Qe7 12. Bxg7 Kxg7 13. a4 a5 14. Ne2 f6 15.
Nh2 Kh8 16. f4 Rf7 17. Ng4 Ba6 18. Qc3 Re8 19. Rf2 c4 20. Raf1 h5 21. Ne3 cxd3
22. cxd3 Nc5 23. fxe5 Qxe5 24. Qxe5 Rxe5 25. Rxf6 Rxf6 26. Rxf6 Bxd3 27. Nf4
Bxe4 28. Nc4 Kg7 29. Rxg6+ Bxg6 30. Nxe5 Be8 31. Nc4 Nxa4 32. Nd3 Bf7 33. Nde5
Bd5 34. Kf2 Kf6 35. Nd7+ Ke6 36. Ndxb6 Nxb6 37. Nxb6 Bb3 38. Ke3 h4 39. Kf4 Kd6
40. Nc8+ Kd7 41. Na7 Bd5 42. g3 hxg3 43. Kxg3 Kc7 44. Kf4 Kb7 45. Nxc6 Kxc6 46.
Ke5 Kc5 47. h4 Bf3 48. Kf4 Bh5 0-1

[Event "Frankfurt Ch A 2015"]
[Site "Ffm-Höchst, BiKuZ"]
[Date "2015.04.27"]
[Round "1.22"]
[White "Benninger, Rudolf"]
[Black "Raquet, Helmut"]
[Result "1-0"]
[WhiteElo "1970"]
[BlackElo "1644"]
[PlyCount "41"]
[EventDate "2015.??.??"]
[WhiteTeam "SC Heusenstamm"]
[BlackTeam "SC Nied"]

1. e4 c5 2. c3 e6 3. d4 cxd4 4. cxd4 Bb4+ 5. Nc3 Nf6 6. Bd3 h6 7. Nge2 O-O 8.
O-O a6 9. e5 Ne8 10. f4 f5 11. d5 b5 12. Be3 Bb7 13. Qb3 Bxc3 14. Nxc3 Nc7 15.
Bb6 Qc8 16. Rac1 Nxd5 17. Nxd5 Bxd5 18. Rxc8 Rxc8 19. Qa3 Rc6 20. Be3 Kh7 21.
g4 1-0

[Event "Frankfurt Ch A 2015"]
[Site "Ffm-Höchst, BiKuZ"]
[Date "2015.04.27"]
[Round "1.23"]
[White "Leibold, Mathias"]
[Black "Biegel, Thomas"]
[Result "0-1"]
[WhiteElo "1616"]
[BlackElo "1961"]
[PlyCount "142"]
[EventDate "2015.??.??"]
[WhiteTeam "SV Fechenheim"]
[BlackTeam "SVG Eppstein"]

1. e4 c6 2. d4 d5 3. exd5 cxd5 4. Nc3 Nc6 5. Bb5 a6 6. Ba4 Bf5 7. Nge2 e6 8.
O-O Nf6 9. Ng3 Bg6 10. Nce2 Bd6 11. Nf4 b5 12. Bb3 Qc7 13. Nxg6 hxg6 14. c3 b4
15. Qd3 bxc3 16. bxc3 O-O 17. c4 dxc4 18. Bxc4 Nb4 19. Qe2 Rfc8 20. Bb3 Nc2 21.
Bxc2 Qxc2 22. Qxc2 Rxc2 23. Be3 Rb8 24. Rfc1 Rbb2 25. Rxc2 Rxc2 26. h3 Bxg3 27.
fxg3 Nd5 28. Bf2 g5 29. a3 Kh7 30. g4 Nc3 31. Kf1 Kg6 32. Be1 Nd5 33. Bf2 Rb2
34. Rd1 Ra2 35. Rd3 Nf4 36. Rc3 Ra1+ 37. Be1 Kf6 38. Rf3 Ke7 39. h4 f6 40. g3
Nd5 41. hxg5 fxg5 42. Ke2 Ra2+ 43. Kf1 Rb2 44. Bc3 Rb1+ 45. Be1 Nf6 46. Ke2 Kd6
47. Bb4+ Kd5 48. Re3 Nxg4 49. Rc3 Kxd4 50. Rc6 Rb2+ 51. Bd2 Kd5 52. Rxa6 Ne5
53. Kd1 Nf3 54. Bxg5 Nxg5 55. Ra5+ Kd4 56. Rxg5 Rb3 57. a4 Ra3 58. Rxg7 e5 59.
a5 Rxa5 60. Ke2 Ra2+ 61. Ke1 Ke3 62. Kf1 e4 63. Rf7 Ra6 64. Rf2 Rh6 65. Rf4 Kd3
66. Ke1 e3 67. Rh4 Ra6 68. Kf1 e2+ 69. Kf2 Rf6+ 70. Rf4 Rxf4+ 71. gxf4 Kd2 0-1

[Event "Frankfurt Ch A 2015"]
[Site "Ffm-Höchst, BiKuZ"]
[Date "2015.04.27"]
[Round "1.24"]
[White "Gräbner, Walter"]
[Black "Thede, Stefan"]
[Result "1/2-1/2"]
[WhiteElo "1955"]
[BlackElo "1608"]
[PlyCount "48"]
[EventDate "2015.??.??"]
[WhiteTeam "SC Nied"]
[BlackTeam "SV Frankfurt Nord"]

1. Nf3 Nf6 2. d4 d6 3. g3 g6 4. Bg2 Bg7 5. O-O O-O 6. c4 c6 7. Nc3 Nbd7 8. d5
cxd5 9. cxd5 a6 10. Be3 b5 11. Qb3 Rb8 12. Rfd1 Nb6 13. a4 Bd7 14. axb5 axb5
15. Qb4 Qc8 16. Bxb6 Rxb6 17. Qa5 Qb7 18. Nd4 b4 19. Ne4 Nxe4 20. Bxe4 Rc8 21.
Qa7 Bxd4 22. Rxd4 Qxa7 23. Rxa7 Bh3 24. Rd1 Kf8 1/2-1/2

[Event "Frankfurt Ch A 2015"]
[Site "Ffm-Höchst, BiKuZ"]
[Date "2015.04.27"]
[Round "1.26"]
[White "Seickel, Ralf"]
[Black "Winter, Olaf"]
[Result "1-0"]
[WhiteElo "1937"]
[BlackElo "1597"]
[PlyCount "71"]
[EventDate "2015.??.??"]
[WhiteTeam "vereinslos"]
[BlackTeam "SK Bad Homburg"]

1. c4 e6 2. g3 g6 3. Bg2 Bg7 4. d4 c6 5. d5 Qa5+ 6. Nd2 cxd5 7. cxd5 exd5 8.
Ngf3 Ne7 9. O-O Nbc6 10. Nb3 Qb6 11. Be3 Qc7 12. Nbd4 a6 13. Rc1 O-O 14. b4 Qd8
15. Qb3 b5 16. a4 bxa4 17. Qxa4 Bb7 18. Rfd1 Re8 19. Qb3 Nxd4 20. Nxd4 Rc8 21.
Bh3 h6 22. Qa4 f5 23. Bg2 Kh7 24. Nb3 Rxc1 25. Rxc1 Bc6 26. Qxa6 d4 27. Bxd4
Bxg2 28. Kxg2 Nc6 29. Bxg7 Kxg7 30. Qd3 Ne5 31. Qd4 Kh7 32. Qd5 Qb6 33. f4 Qe3
34. fxe5 Qxe2+ 35. Kh1 Rxe5 36. Qf7+ 1-0

[Event "Frankfurt Ch A 2015"]
[Site "Ffm-Höchst, BiKuZ"]
[Date "2015.04.27"]
[Round "1.27"]
[White "Zerhusen, Martin"]
[Black "Lebermann, Hellmuth"]
[Result "1/2-1/2"]
[WhiteElo "1596"]
[BlackElo "1935"]
[PlyCount "93"]
[EventDate "2015.??.??"]
[WhiteTeam "SV Oberursel"]
[BlackTeam "SK Bad Homburg"]

1. d4 Nf6 2. c4 g6 3. Nc3 d5 4. cxd5 Nxd5 5. Nf3 Bg7 6. e3 O-O 7. Be2 c5 8. O-O
cxd4 9. Nxd5 Qxd5 10. Nxd4 Bxd4 11. Qxd4 Qxd4 12. exd4 Rd8 13. Be3 Nc6 14. Rfd1
Nb4 15. a3 Nd5 16. Bf3 Be6 17. Bxd5 Bxd5 18. Rac1 Rd7 19. Rc3 Rad8 20. Rdc1 Bc6
21. h3 a6 22. Rc5 Kg7 23. Kh2 f6 24. Kg3 Kf7 25. R1c2 Rd5 26. Kh2 Ke6 27. Kg3
h5 28. Rc1 Kf5 29. R1c2 g5 30. f3 Kg6 31. Rxd5 Rxd5 32. h4 e6 33. hxg5 fxg5 34.
Rc3 Rf5 35. Rc5 Rxc5 36. dxc5 Kf5 37. Kf2 e5 38. Bd2 e4 39. Ba5 exf3 40. gxf3
g4 41. fxg4+ Kxg4 42. Bc7 Kf5 43. Kg3 Ke4 44. Kh4 Be8 45. Bd6 a5 46. Bf8 a4 47.
Be7 1/2-1/2